00836nam a22002177a 450000500170000001000150001702000110003203500140004303700090005708200160006610000300008224500750011225000110018726000580019827001210025630000210037770000450039894200270044399900190047095201290048920241204112248.0 aENG-142826 c575.00 aEN-126358 bDBAD a934.095421 aTripathy, Bhagabat974638 aThe Archaeological Treasures of Northern Odisha/cby Bhagabat Tripathy aFirst  aNew DelhibAravali Books International (P) Ltd.c2013 bNew DelhiaW-30, Okhla Industrial Area, Phase II,e110020k2638883032k47173300l26388829maravaliprinters@gmail.com a234p.c24cm(hbk) atranslated by Geshe Thupten Jinpa974635 2ddccENh934.0954mTRI c207389d207389 001040708NFICaLbLd2024-12-04eDBADg575.00l0o934.0954 TRIpEN-126358r2024-12-04 00:00:00t1v575.00w2024-12-04yEN